000
00316nam a2200133Ia 4500
008
240624s9999 xx 000 0 und d
041
_a
eng
082
_a
823 HYL
100
_a
HYLTON SARA
245
_a
ARRANGED MARRIAGE
260
_c
2006
_a
Great Britain
_b
M & B
300
_a
472 : p. : cm. ; 17
365
_c
RS
_b
20
999
_c
14374
_d
14374